00433nam a2200145Ia 4500008004100000041000900041082001800050100002500068245002500093260004100118300000800159650000800167999001700175952009500192230718s9999 xx 000 0 und d aEng. a346.04bASH-R aashfaq ahmed kharal 0aregisration act 1908 aPakistanbimran law book housec2020 a626 aLaw c33042d33042 00104070aSIRC-LbSIRC-Ld2023-07-18l0o346.04 ASH-Rp27993r2023-07-18w2023-07-18yBK